山东省城市 - Statistics

General Stats
  • This quiz has been taken 43 times
  • The average score is 12 of 16
Answers on the Grid
Answers color-coded by a green-red scale on the quiz's grid according to % correct below.
济南
青岛
淄博
枣庄
东营
烟台
潍坊
济宁
泰安
威海
日照
临沂
德州
聊城
滨州
菏泽
玉树
荆门
四平
铁岭
鞍山
黑河
朝阳
葫芦岛
营口
丹东
通化
运城
朔州
临汾
榆林
周口
 
Answer Stats
Answer % Correct
济南
90%
威海
86%
青岛
81%
淄博
81%
烟台
81%
泰安
81%
临沂
81%
枣庄
76%
东营
76%
济宁
76%
德州
76%
潍坊
71%
日照
71%
滨州
71%
菏泽
71%
聊城
57%
No matching quizzes found
Score Distribution
Percent of People with Each Score
Percentile by Number Answered
Your Score History
You have not taken this quiz